1140 1910 1896 1915 1980 1114 1452 1456 1917 1259 1008 1766 1070 1846 1264 1089 1373 1754 1780 1329 1738 1651 1626 1686 1955 1404 1143 1462 1315 1655 1365 1984 1743 1007 1406 1280 1781 1333 1037 1949 1965 1956 1523 1322 1725 1417 1720 1829 1137 1985 1172 1687 1196 1360 1038 1226 1662 1111 1600 1021 1410 1415 1839 1592 1078 1519 1842 1204 1225 1272 1873 1267 1680 1719 1812 1605 1179 1351 1262 1995 1520 1592 1719 1399 1360 1208 1169 1768 1854 1129 1226 1886 1753 1423 1179 1357 1931 1060 1746 BCNSPRNW ULIB Ver.6.0+V

เปลี่ยนเป็นภาษาไทย

Change to English
 แสดงรายละเอียดบรรณานุกรม
  กลับหน้าหลัก

Brief Record : Get Marc (ISO 2709) : E-mail record : QR code < ปิดหน้าต่าง
LEADER : 00000nam 2200000uu 4500
001    13399127707
003     ULIB
008    020711s2563 th a 000 0 tha d
060    ^aWQ400^bก194ท
100    ^aกฤตยา อาชวนิจกุล และคนอื่นๆ
245    ^aท้องไม่พร้อมต้องอ่าน
250    ^aพิมพ์ครั้งที่ 1
260    ^aนครปฐม :^bบริษัท พีเอ็นพี กรุ๊ป จำกัด,^c2563
300    ^a103 หน้า;^b21 ซม.
650    ^aครรภ์ไม่พึงประสงค์ -- ไทย -- การให้คำปรึกษา
650    ^aครรภ์ -- ไทย -- การให้คำปรึกษา
650    ^aการทำแท้ง -- ไทย -- การให้คำปรึกษา
650    ^aครรภ์ในวัยรุ่น -- ไทย -- การให้คำปรึกษา
945    ^p0^l0^i008032
999    ^aประนอม เกษจรัล
รายการนี้ยังไม่มีแท็ก
คุณยังไม่ได้ล็อกอิน คุณสามารถมีกิจกรรมร่วมกับเว็บไซต์ได้ แต่ต้องล็อกอินก่อน ::
  ล็อกอิน

รายการสื่อสารสนเทศ

ลำดับที่ ประเภท เลขเรียก/บาร์โค้ด สถานที่ สถานะ
1. วิทยาศาสตร์การแพทย์ และสุขภาพ
วิทยาศาสตร์การแพทย์ และสุขภาพ
WQ400 ก194ท ฉ.1 
  Barcode: 008032
ห้องสมุดวิทยาเขตสวรรค์ประชารักษ์
►หนังสือทั่วไป
บนชั้น

BibComment


ยังไม่เคยถูกคอมเมนท์

คอมเมนท์ทรัพยากรรายการนี้
  คอมเมนท์: ท้องไม่พร้อมต้อง..


 Copyright 2026. Bcnsprnw @Library